|
|
|
|
| LEADER |
00000cam a2200000 a 4500 |
| 001 |
vtls008383948 |
| 003 |
SK-MaSNL |
| 005 |
20260301051833.0 |
| 008 |
200104s1931 xr g 000 0 slo |
| 015 |
|
|
|a SNBA19191938-006800
|
| 035 |
|
|
|a SK01SNKBSKHR20010076165
|
| 035 |
|
|
|a urn:nbn:sk:snk-am3hl6c
|
| 035 |
|
|
|a 2479F044-0353-433A-9FB2-9D789578C6D5
|
| 035 |
|
|
|a urn:nbn:sk:snk-am00d497
|
| 035 |
|
|
|a SKM000078628
|
| 040 |
|
|
|a SNK
|b slo
|c SNK
|e AACR2
|
| 041 |
0 |
|
|a hun
|a slo
|
| 044 |
|
|
|a xr
|c CZ
|
| 080 |
|
|
|a 808.54(075)
|2 1981
|
| 080 |
|
|
|a 373(075)
|2 1981
|
| 100 |
1 |
|
|a Macht, Antonín,
|d narodený 1903
|4 aut
|9 173671
|
| 245 |
1 |
0 |
|a Rendszeres szlovák nyelv-és gyakorlókönyv
|b magyar középiskolák és rokon tanintézetek számára : gyakorlatok gyüjteménye a magyarból szlovákra való fordításhoz
|n VII.-VIII. rész.
|p [VII. és VIII. osztály számára]
|c írta Antonín Macht ; magyarra fordította Tolnay Rózsi
|
| 260 |
|
|
|a Praha
|b Čsl. Graf. Unia
|c 1931
|e [s.l.]
|f [s.n.]
|
| 300 |
|
|
|a 80 s.
|c 8°
|
| 546 |
|
|
|a Text aj v slovenčine
|
| 650 |
0 |
7 |
|a slovenčina
|2 SNKPH
|9 1350
|
| 655 |
|
7 |
|a učebnice
|2 SNKPH
|9 22521
|
| 700 |
1 |
|
|a Tolnay, Rózsi
|4 trl
|9 359716
|
| 852 |
|
|
|a Slovenská pedagogická knižnica Bratislava
|b 700000
|h H 451.11 (1/4 Ma) (073) 120.891
|
| 958 |
|
|
|a RK
|
| 958 |
|
|
|a TL
|
| 999 |
|
|
|c 604397
|d 606327
|
| 952 |
|
|
|a SNK
|b SNK
|y PREZ
|7 0
|p 17A0755514
|o snkSC 3136/7-8
|i snkD 944/82
|8 1
|0 0
|1 0
|4 0
|d 2018-07-31
|f 1
|l 0
|r 2025-06-25 00:00:00
|w 2026-02-23
|